Severoatlantická letecká doprava v hospodárskej kríze
Analýza vývoja počtu leteckých pasažierov medzi USA a Európskou úniou od roku 1990 dodnes. Dôsledky krízy z prelomu tisícročí na severoatlantický letecký trh. Kvantitatívne a kvalitatíve dopady hospodárskej krízy 2008-2009 na severoatlantickú leteckú dopravu.
Saved in:
| Main Author: | |
|---|---|
| Format: | Book Chapter |
| Language: | Slovak |
| Subjects: | |
| Tags: |
No Tags, Be the first to tag this record!
|
MARC
| LEADER | 00000nla$a2200000$$$4500 | ||
|---|---|---|---|
| 001 | 0127646 | ||
| 005 | 20240502072443.6 | ||
| 041 | 0 | |a slo | |
| 044 | |a SK | ||
| 245 | 1 | 0 | |a Severoatlantická letecká doprava v hospodárskej kríze |c Martin Grančay |
| 520 | |a Analýza vývoja počtu leteckých pasažierov medzi USA a Európskou úniou od roku 1990 dodnes. Dôsledky krízy z prelomu tisícročí na severoatlantický letecký trh. Kvantitatívne a kvalitatíve dopady hospodárskej krízy 2008-2009 na severoatlantickú leteckú dopravu. | ||
| 610 | 2 | 0 | |a doprava letecká |
| 610 | 2 | 0 | |a doprava letecká osobná |
| 610 | 2 | 0 | |a USA |
| 610 | 2 | 0 | |a Európa |
| 610 | 2 | 0 | |a kríza hospodárska |
| 100 | 1 | |a Grančay, Martin, 1984-2024 | |